=LDR 00000nam 2200000 4500 =001 INLIS000000000022519 =005 20130612121252 =008 ***********************************Ind** =035 ##$$0010-061300000022519 =041 ##$$a Ind =082 ##$$a 813 =090 ##$$a 813, Har-t =100 ##$$a Hardiwijaya, Yannie =245 ##$$a To love, Yannie Hardwidjaja =260 ##$$a 2005 $b Jakarta =300 ##$$a viii, 280 hlm., 21 cm =650 ##$$a Sastra Indonesia =850 ##$$a NBPNMAT